000
00356nam a2200133Ia 4500
008
231129s9999||||xx |||||||||||||| ||spa||
020
_a
958-9101-10-0
040
_b
spa
082
_a
986.126 A283m
100
_a
Aguilar Rodas Raul
245
0
_a
La montana de oro
264
_a
Interprint Editores
942
_2
ddc
_c
BKS
999
_c
17643
_d
17643